Espejismo del sueño : (Registro nro. 7328)

Detalles MARC
000 -LIDER
fixed length control field 01055nam a2200313 a 4500
001 - NÚMERO DE CONTROL
Identificador de número de control 000015639
003 - IDENTIFICACDOR DE NÚMERO DE CONTROL
control field DO-SdBNP
005 - DATE AND TIME OF LATEST TRANSACTION
control field 20171101124734.0
007 - CAMPOS FIJOS DE DESCRIPCIÓN FÍSICA
fixed length control field 000015639
008 - ELEMENTOS DE LONGITUD FIJA
fixed length control field 100216s2008 dr 000 p spa d
020 ## - ISBN
International Standard Book Number 9789945162592
040 ## - FUENTE DE CATALOGACIÓN
Agencia que crea de manera original el registro BPMET
Idioma de catalogación spa
Agencia que realiza la transcripción BPMET
092 ## - LOCALLY ASSIGNED DEWEY DECIMAL CALL NUMBER
Número de clasificación RD861.44
Número de ítem (Cutter) B562e
100 1# - ASIENTO PRINCIPAL -- NOMBRE PERSONAL
Nombre personal Betances de la Nuez, Félix Ma.,
Fechas asociadas con el nombre 1962-
245 10 - MENCIÓN DE TITULO
Título Espejismo del sueño :
Subtítulo poemas /
Mención de responsabilidad Félix Ma. Betances de la Nuez.
260 ## - PUBLICACIÓN, DISTRIBUCIÓN, ETC. (PIE DE IMPRENTA)
Lugar de publicación, distribución, etc Santo Domingo :
Nombre del editor, distribuidor, etc. Dragón,
Fecha de publicación, distribución, etc 2008.
300 ## - DESCRIPCIÓN FÍSICA
Extensión 45 p. ;
Dimensiones 20 cm.
500 ## - NOTA GENERAL
Nota general Incluye datos biográficos del autor en la solapa de la cubierta.
650 #4 - ENCABEZAMIENTO DE MATERIA--TEMÁTICO
Término temático o nombre geográfico como elemento de entrada POESÍA DOMINICANA
650 #4 - ENCABEZAMIENTO DE MATERIA--TEMÁTICO
Término temático o nombre geográfico como elemento de entrada LITERATURA DOMINICANA
930 #1 - EQUIVALENCE OR CROSS-REFERENCE-UNIFORM TITLE HEADING [LOCAL, CANADA]
Language of a work BND01
Medium of performance for music LF1
Field link and sequence number 20100216
Date of a work 01
Name of part/section of a work CT
Miscellaneous information 10334
930 #1 - EQUIVALENCE OR CROSS-REFERENCE-UNIFORM TITLE HEADING [LOCAL, CANADA]
Language of a work BND01
Medium of performance for music LF1
Field link and sequence number 20100216
Date of a work 01
Name of part/section of a work CT
Miscellaneous information 10334
Medium e. 2
942 ## - ADDED ENTRY ELEMENTS (KOHA)
Source of classification or shelving scheme Dewey Decimal Classification
Koha item type Libros
945 ## - INFORMACIÓN DE PROCESAMIENTO LOCAL
Información de procesamiento local Titulo remanejado para la BNPHU
956 ## - LOCAL ELECTRONIC LOCATION AND ACCESS (OCLC)
Nombre de host JPARRA
Número de acceso 10
Información de compresión 20100216
Inicio de sesión BND01
Procesador de solicitud 1044
956 ## - LOCAL ELECTRONIC LOCATION AND ACCESS (OCLC)
Nombre de host JPARRA
Número de acceso 10
Información de compresión 20100216
Inicio de sesión BND01
Procesador de solicitud 1044
956 ## - LOCAL ELECTRONIC LOCATION AND ACCESS (OCLC)
Nombre de host BTAVAREZ
Número de acceso 10
Información de compresión 20100224
Inicio de sesión BND01
Procesador de solicitud 1409
956 ## - LOCAL ELECTRONIC LOCATION AND ACCESS (OCLC)
Nombre de host MGARCIA
Número de acceso 10
Información de compresión 20100317
Inicio de sesión BND01
Procesador de solicitud 1543
Existencias
Withdrawn status Lost status Source of classification or shelving scheme Damaged status Not for loan Collection code Home library Current library Date acquired Total Checkouts Barcode Date last seen Price effective from Koha item type
    Dewey Decimal Classification     Colección Dominicana Biblioteca Pública Metropolitana Salomé Ureña Biblioteca Pública Metropolitana Salomé Ureña 02/04/2015   BPMSU17110015 02/04/2015 02/04/2015 Libros